Les animaux terrestre les plus lourds du monde - Statistiques

Statistiques générales
  • Ce quiz a été pris 93 fois
    81 depuis la dernière actualisation
  • Le résultat moyen est 6 sur 10
Statistiques - réponses
Hint Réponse % Correct
~6 tonnes Elephant
100%
~1,6 tonnes Hippopotame
90%
~2,5 tonnes Rhinocéros
88%
~1 tonne Girafe
75%
~700 kilos Buffle
56%
~180 kilos Gorille
51%
~650 kilos Bison
41%
~450 kilos Ours polaire
31%
~400 kilos Elan
26%
~900 kilos Gaur
0%
Aucun quiz correspondant
Distribution des résultats
% des personnes avec chaque résultat
Percentile par nombre de réponses
Votre historique - résultats
Vous n’avez pas pris ce quiz depuis la dernière actualisation